Southville International School and Colleges
Your cart is empty.
  • Cart
  • Lists
    Public lists Eva Luna New books Lux_list list_1
    Your lists Log in to create your own lists
  • Log in to your account
  • Your cookies
  • Search history
Southville International School and Colleges
  • Advanced search
  • Recent comments
  • Most popular
  • Libraries

Log in to your account

Log in with GOOGLE


If you do not have an external account, but do have a local account, you can still log in:

  1. Home
  2. MARC view: Tax accounting digest /
Normal view MARC view ISBD view

Tax accounting digest / (Record no. 117703)

[ view plain ]
MARC details
000 -LEADER
fixed length control field 00532nam a2200181Ia 4500
008 - FIXED-LENGTH DATA ELEMENTS--GENERAL INFORMATION
fixed length control field 140529s9999 xx 000 0 und d
020 ## - INTERNATIONAL STANDARD BOOK NUMBER
International Standard Book Number 9789712349935
050 ## - LIBRARY OF CONGRESS CALL NUMBER
Classification number HF 5681.T3
Item number .C652 2008
100 ## - MAIN ENTRY--PERSONAL NAME
Personal name Co Untian, Crescencio P.
245 ## - TITLE STATEMENT
Title Tax accounting digest /
Statement of responsibility, etc Crescencio P. Co Untian
250 ## - EDITION STATEMENT
Edition statement 1st ed.
260 ## - PUBLICATION, DISTRIBUTION, ETC. (IMPRINT)
Place of publication, distribution, etc Manila, Philippines :
Name of publisher, distributor, etc Rex Book Store, Inc.,
Date of publication, distribution, etc c2008.
300 ## - PHYSICAL DESCRIPTION
Extent 408 p. ;
Dimensions 23 cm.
500 ## - GENERAL NOTE
General note Includes bibliographical references.
521 ## - TARGET AUDIENCE NOTE
Target audience note
942 ## - ADDED ENTRY ELEMENTS (KOHA)
Call number prefix Local
Koha item type Books
Holdings
Withdrawn status Lost status Source of classification or shelving scheme Damaged status Home library Current library Shelving location Date acquired Source of acquisition Cost, normal purchase price Total Checkouts Total Renewals Full call number Barcode Date last seen Date checked out Price effective from Koha item type
    Library of Congress Classification   College Library College Library Filipiniana Section 05/30/2014 Donation 512.00 2 26 HF 5681.T3 .C652 2008 C16788 07/06/2018 07/06/2018 05/30/2014 Books

Tax accounting digest /

APA

Co Untian C. P., . (2008). Tax accounting digest. Manila, Philippines: Rex Book Store, Inc.

Chicago

Co Untian Crescencio P, . 2008. Tax accounting digest. Manila, Philippines: Rex Book Store, Inc.

Harvard

Co Untian C. P., . (2008). Tax accounting digest. Manila, Philippines: Rex Book Store, Inc.

MLA

Co Untian Crescencio P, . Tax accounting digest. Manila, Philippines: Rex Book Store, Inc. 2008.

  • Place hold
  • Print
  • Cite
  • Add to your cart (remove)
  • Save record
    BIBTEX Dublin Core MARCXML MARC (non-Unicode/MARC-8) MARC (Unicode/UTF-8) MARC (Unicode/UTF-8, Standard) MODS (XML) RIS
  • More searches
    Search for this title in:
    Other Libraries (WorldCat) Other Databases (Google Scholar) Online Stores (Bookfinder.com) Open Library (openlibrary.org)

Exporting to Dublin Core...

SOUTHVILLE LIBRARY

Southville International School and Colleges Library

1281 Tropical Ave. Cor. Luxembourg St., BF Homes International, Las Pinas City

Tel. No. 8256374 / 252358 Loc. 117/146

Powered by Koha